000 00369nam a22001337a 4500
008 230608b xxu||||| |||| 00| 0 eng d
020 _a9966031847
082 _a346.0438
_bOSI
100 _cProf. Tom Ojienda, SC
245 _aLand Law and Conveyancing
_bPrinciples and practice
260 _aNairobi, kenya
_bLaw Africa publishing ltd
300 _a274p
942 _2ddc
_cBK
999 _c861
_d861